[Event "34th European Club Cup 2018"]
[Site "Halkidiki"]
[Date "2018.10.12"]
[Round "1"]
[White "Kalogeris, Ioannis"]
[Black "Zymberi, Astrit"]
[Result "1-0"]
[WhiteElo "2351"]
[BlackElo "2115"]
[Annotator "TA"]
[PlyCount "121"]
[EventDate "2018.10.12"]
[EventType "team-tourn"]
[EventCountry "GRE"]
[SourceTitle "playchess.com"]
[Source "ChessBase"]
[SourceQuality "1"]
[WhiteTeam "Thessalonikis"]
[BlackTeam "Drejtesia"]

1. e4 c5 2. Nf3 e6 3. d4 cxd4 4. Nxd4 Nc6 5. Nc3 Qc7 6. f4 a6 7. Nxc6 Qxc6 8. Be2 b5 9. Bf3 Bb7 10. Qd3 Rc8 11. a3 h5 12. Bd2 Qc7 13. O-O-O Nf6 14. Kb1 Qc4 15. e5 Qxd3 16. cxd3 Bxf3 17. gxf3 Nd5 18. Nxd5 exd5 19. f5 h4 20. Rc1 Rc6 21. Rhg1 Rh5 22. f6 g6 23. Rce1 Kd8 24. Rg4 Bc5 25. d4 Bb6 26. b3 a5 27. Kb2 a4 28. Re3 h3 29. Bc3 axb3 30. Kxb3 Rc4 31. Rd3 Rc8 32. Kb4 Rc4+ 33. Kxb5 Kc7 34. Bb4 Rh8 35. Rc3 Rxc3 36. Bxc3 Rb8 37. Ka4 Rh8 38. Kb3 Rh5 39. Kc2 Rh8 40. Bb4 Kc6 41. Kd3 Kb5 42. Rg1 Rh4 43. Bc3 Rh8 44. Rb1+ Kc6 45. Bb4 Ra8 46. Rc1+ Kb5 47. Bc5 Bc7 48. f4 Rh8 49. Rb1+ Kc6 50. Ke3 Rh4 51. Kf3 Ba5 52. Rb2 Bc7 53. Kg3 Rh8 54. Kg4 Ba5 55. Rb3 Bd2 56. Rd3 Bc1 57. Rc3 Bd2 58. Rc2 Be3 59. Kf3 Bg1 60. Rc1 Bxh2 61. Rh1 1-0

[Event "34th European Club Cup 2018"]
[Site "Halkidiki"]
[Date "2018.10.12"]
[Round "1"]
[White "Buhr, Carl Christian"]
[Black "Ivic, Velimir"]
[Result "0-1"]
[WhiteElo "2342"]
[BlackElo "2487"]
[Annotator "TA"]
[PlyCount "72"]
[EventDate "2018.10.12"]
[EventType "team-tourn"]
[EventCountry "GRE"]
[SourceTitle "playchess.com"]
[Source "ChessBase"]
[SourceQuality "1"]
[WhiteTeam "Bonnevoie"]
[BlackTeam "Itaka"]

1. d4 Nf6 2. c4 g6 3. Nc3 Bg7 4. e4 d6 5. Nf3 O-O 6. Be2 e5 7. O-O Nc6 8. d5 Ne7 9. b4 Nh5 10. c5 f5 11. Nd2 Nf4 12. f3 c6 13. Nc4 dxc5 14. d6 cxb4 15. dxe7 Qxe7 16. Nb1 Be6 17. Nbd2 Rad8 18. Qe1 b5 19. Nb2 a5 20. Nd1 Qd7 21. Kh1 fxe4 22. Nxe4 Nxe2 23. Nc5 Qd4 24. Nxe6 Qxa1 25. Bb2 Qxa2 26. Nxd8 Rxd8 27. Qxe2 a4 28. Qf2 a3 29. Qh4 Rd7 30. Qg4 axb2 31. Nxb2 Rd8 32. Qxb4 e4 33. Nd1 Qe2 34. Qb3+ Kh8 35. Rg1 exf3 36. gxf3 Be5 0-1

[Event "34th European Club Cup 2018"]
[Site "Halkidiki"]
[Date "2018.10.12"]
[Round "1"]
[White "Webb, Laurence E"]
[Black "Matlakov, Maxim"]
[Result "0-1"]
[WhiteElo "2342"]
[BlackElo "2683"]
[Annotator "TA"]
[PlyCount "94"]
[EventDate "2018.10.12"]
[EventType "team-tourn"]
[EventCountry "GRE"]
[SourceTitle "playchess.com"]
[Source "ChessBase"]
[SourceQuality "1"]
[WhiteTeam "Blackthorne"]
[BlackTeam "St.Petersburg"]

1. d4 Nf6 2. c4 e6 3. Nf3 d5 4. Nc3 dxc4 5. e3 a6 6. Bxc4 b5 7. Bb3 Bb7 8. O-O c5 9. Qe2 Nbd7 10. Rd1 Qb8 11. d5 c4 12. dxe6 fxe6 13. Bc2 Bd6 14. e4 O-O 15. Bg5 Ng4 16. h3 Nge5 17. Nxe5 Nxe5 18. Be3 Qc7 19. a3 Rf7 20. Rd2 Raf8 21. Rad1 Bc5 22. Bxc5 Qxc5 23. Qe3 Qxe3 24. fxe3 g5 25. Rd6 Rf2 26. R1d2 Rxd2 27. Rxd2 Kf7 28. Rf2+ Ke7 29. Rxf8 Kxf8 30. b4 cxb3 31. Bxb3 Ke7 32. Kf2 h5 33. Bc2 Bc6 34. Ne2 Nc4 35. Nd4 Kd6 36. a4 bxa4 37. Nxc6 Kxc6 38. Bxa4+ Kd6 39. g3 Nd2 40. h4 g4 41. Be8 Nxe4+ 42. Ke2 Nxg3+ 43. Kd3 Ke5 44. Bg6 a5 45. Be8 Nf5 46. Bxh5 g3 47. Ke2 a4 0-1

[Event "34th European Club Cup 2018"]
[Site "Halkidiki"]
[Date "2018.10.12"]
[Round "1"]
[White "Sylvan, Jacob"]
[Black "Markgraf, Alexander"]
[Result "1/2-1/2"]
[WhiteElo "2336"]
[BlackElo "2502"]
[Annotator "TA"]
[PlyCount "61"]
[EventDate "2018.10.12"]
[EventType "team-tourn"]
[EventCountry "GRE"]
[SourceTitle "playchess.com"]
[Source "ChessBase"]
[SourceQuality "1"]
[WhiteTeam "Nordkalotten"]
[BlackTeam "Bremen"]

1. e4 c5 2. Nf3 d6 3. d4 cxd4 4. Nxd4 Nf6 5. Nc3 Nc6 6. Bg5 e6 7. Qd2 a6 8. O-O-O h6 9. Bh4 Nxe4 10. Qf4 g5 11. Nxc6 bxc6 12. Nxe4 gxf4 13. Bxd8 Kxd8 14. Nxd6 Bxd6 15. Rxd6+ Kc7 16. Rd2 Bb7 17. Bc4 Rad8 18. b4 c5 19. bxc5 Rxd2 20. Kxd2 Rg8 21. Rg1 Rg5 22. g3 Rxc5 23. Bd3 Rh5 24. h4 fxg3 25. fxg3 Ra5 26. g4 Ra4 27. Rf1 f5 28. gxf5 exf5 29. Rxf5 Rxh4 30. Rf7+ Kb6 31. Rf6+ 1/2-1/2

[Event "34th European Club Cup 2018"]
[Site "Halkidiki"]
[Date "2018.10.12"]
[Round "1"]
[White "Vedder, Henk"]
[Black "Blomqvist, Erik"]
[Result "0-1"]
[WhiteElo "2336"]
[BlackElo "2499"]
[Annotator "TA"]
[PlyCount "72"]
[EventDate "2018.10.12"]
[EventType "team-tourn"]
[EventCountry "GRE"]
[SourceTitle "playchess.com"]
[Source "ChessBase"]
[SourceQuality "1"]
[WhiteTeam "En Passant"]
[BlackTeam "Nordstrand"]

1. e4 c5 2. Nf3 d6 3. Bb5+ Bd7 4. Bxd7+ Nxd7 5. d4 cxd4 6. Qxd4 Ngf6 7. O-O g6 8. Nc3 Bg7 9. a4 O-O 10. a5 a6 11. Qb4 Qc7 12. Be3 Rfc8 13. Bd4 e6 14. Rfe1 Bf8 15. Qa4 Ng4 16. Rad1 b5 17. axb6 Nxb6 18. Qa2 Nc4 19. Na4 Rab8 20. h3 Nge5 21. Nxe5 Nxe5 22. Bc3 Qc6 23. b3 Nd7 24. Rd3 Rb5 25. Rd4 Nb6 26. Re3 d5 27. Nxb6 Qxb6 28. Ra4 Rc6 29. Bd4 Qc7 30. c4 dxc4 31. bxc4 Rb8 32. Re1 Bb4 33. Rd1 a5 34. Bf6 e5 35. Bh4 Rxc4 36. Qe2 Qc6 0-1

[Event "34th European Club Cup 2018"]
[Site "Halkidiki"]
[Date "2018.10.12"]
[Round "1"]
[White "Ranaldi, Lucas"]
[Black "Longson, Sarah N"]
[Result "1-0"]
[WhiteElo "2335"]
[BlackElo "2149"]
[Annotator "NA"]
[PlyCount "67"]
[EventDate "2018.10.12"]
[EventType "team-tourn"]
[EventCountry "GRE"]
[SourceTitle "playchess.com"]
[Source "ChessBase"]
[SourceQuality "1"]
[WhiteTeam "SK Oslo"]
[BlackTeam "Oldham"]

1. c4 e5 2. g3 Nf6 3. Bg2 c6 4. d4 e4 5. Nc3 d5 6. Bg5 Nbd7 7. cxd5 cxd5 8. Rc1 Bb4 9. Nh3 O-O 10. O-O Bxc3 11. Rxc3 h6 12. Bf4 Ne8 13. Qc2 g5 14. Bc7 Nxc7 15. Rxc7 Nb6 16. b3 Bf5 17. Rxb7 Qf6 18. Kh1 Rfc8 19. Rc7 Qxd4 20. e3 Qd3 21. Qc6 Rxc7 22. Qxc7 Bg4 23. Ng1 Bf3 24. Ra1 Bxg2+ 25. Kxg2 d4 26. Qd6 dxe3 27. Qxh6 Qd5 28. fxe3 Rc8 29. Rf1 Qd2+ 30. Rf2 Qxe3 31. Nh3 Rc5 32. Qf6 Rc7 33. Qd8+ Kg7 34. Qxc7 1-0

[Event "34th European Club Cup 2018"]
[Site "Halkidiki"]
[Date "2018.10.12"]
[Round "1"]
[White "Parkhov, Yair"]
[Black "Klauner, Theid"]
[Result "1/2-1/2"]
[WhiteElo "2331"]
[BlackElo "2032"]
[Annotator "NA"]
[PlyCount "70"]
[EventDate "2018.10.12"]
[EventType "team-tourn"]
[EventCountry "GRE"]
[SourceTitle "playchess.com"]
[Source "ChessBase"]
[SourceQuality "1"]
[WhiteTeam "Rehovot"]
[BlackTeam "Dudelange"]

1. d4 d5 2. Nf3 Nf6 3. Bf4 c5 4. e3 Nc6 5. Nbd2 e6 6. c3 cxd4 7. exd4 Nh5 8. Be3 Bd6 9. Ne5 g6 10. g4 Ng7 11. h4 Nxe5 12. dxe5 Bxe5 13. h5 gxh5 14. Nf3 Bd6 15. Bh6 Rg8 16. Qd3 f5 17. Bxg7 hxg4 18. Bd4 gxf3 19. Qxf3 Qe7 20. Qh5+ Kd8 21. Qxh7 Qxh7 22. Rxh7 e5 23. Be3 f4 24. Bd2 Bf5 25. Rxb7 Rg1 26. O-O-O Bc5 27. f3 Rc8 28. Rf7 Bg6 29. Rg7 Rc7 30. Rg8+ Ke7 31. Bh3 Rg3 32. Bg4 Bf7 33. Rg5 Bd6 34. Re1 Kf6 35. Rf5+ Kg7 1/2-1/2

[Event "34th European Club Cup 2018"]
[Site "Halkidiki"]
[Date "2018.10.12"]
[Round "1"]
[White "Sotsky, Alexander"]
[Black "Artola Pola, Gerardo"]
[Result "1-0"]
[WhiteElo "2330"]
[BlackElo "1988"]
[Annotator "NA"]
[PlyCount "69"]
[EventDate "2018.10.12"]
[EventType "team-tourn"]
[EventCountry "GRE"]
[SourceTitle "playchess.com"]
[Source "ChessBase"]
[SourceQuality "1"]
[WhiteTeam "Overtime"]
[BlackTeam "Dublin"]

1. d4 Nf6 2. Bg5 Ne4 3. Bh4 g6 4. f3 Nf6 5. e3 Bg7 6. Bd3 d6 7. f4 Na6 8. c3 c5 9. Nd2 O-O 10. Qf3 Rb8 11. Ne2 cxd4 12. exd4 Bg4 13. Qf2 Qd7 14. Ng3 Qe6+ 15. Kf1 Bf5 16. Nxf5 gxf5 17. Bxf6 Qxf6 18. Re1 Nc7 19. h3 b5 20. g4 e6 21. Rg1 b4 22. gxf5 bxc3 23. Ne4 Qh6 24. Qg3 Kh8 25. bxc3 Nd5 26. Ng5 Nxc3 27. fxe6 fxe6 28. Rxe6 Qh5 29. Nf3 Qf7 30. Qh4 Bxd4 31. Bxh7 Qxf4 32. Qxf4 Rxf4 33. Rg3 Rb1+ 34. Bxb1 Nxb1 35. Rh6# 1-0

[Event "34th European Club Cup 2018"]
[Site "Halkidiki"]
[Date "2018.10.12"]
[Round "1"]
[White "Kosanovic, Goran A"]
[Black "Christensen, Esben"]
[Result "1-0"]
[WhiteElo "2329"]
[BlackElo "2017"]
[Annotator "TA"]
[PlyCount "125"]
[EventDate "2018.10.12"]
[EventType "team-tourn"]
[EventCountry "GRE"]
[SourceTitle "playchess.com"]
[Source "ChessBase"]
[SourceQuality "1"]
[WhiteTeam "Sloven Ruma"]
[BlackTeam "Bronshoj"]

1. d4 Nf6 2. Nf3 d5 3. e3 e6 4. Bd3 Nbd7 5. Nbd2 c5 6. b3 Be7 7. Bb2 O-O 8. O-O b6 9. Ne5 Bb7 10. f4 Ne4 11. Nxe4 dxe4 12. Be2 f5 13. Nxd7 Qxd7 14. dxc5 Qxd1 15. Rfxd1 Bxc5 16. Bd4 Be7 17. a4 Rac8 18. c3 Rfd8 19. a5 Bc5 20. Bxc5 bxc5 21. b4 cxb4 22. cxb4 Bd5 23. Rac1 Kf7 24. Ba6 Rxc1 25. Rxc1 Rd7 26. Bc8 Re7 27. b5 Ke8 28. Ba6 Bb7 29. Bxb7 Rxb7 30. a6 Rd7 31. Rc8+ Ke7 32. Kf2 Kd6 33. Rc6+ Ke7 34. Ke2 h6 35. h4 h5 36. g3 Kf6 37. b6 axb6 38. Rxb6 Rd3 39. a7 Ra3 40. Rb7 e5 41. Kd2 exf4 42. gxf4 g6 43. Kc2 Ke6 44. Kb2 Ra5 45. Kb3 Kd6 46. Rg7 Kc5 47. Rxg6 Rxa7 48. Rf6 Rd7 49. Rxf5+ Kc6 50. Rxh5 Rd3+ 51. Kc4 Kd6 52. Re5 Rxe3 53. Kd4 Rh3 54. Kxe4 Rxh4 55. Kf5 Rh5+ 56. Kf6 Rh6+ 57. Kg7 Rh4 58. Re4 Kd7 59. Kf7 Kd6 60. Re6+ Kd7 61. f5 Rg4 62. Re1 Kd8 63. Rd1+ 1-0

[Event "34th European Club Cup 2018"]
[Site "Halkidiki"]
[Date "2018.10.12"]
[Round "1"]
[White "Lemmers, Oscar"]
[Black "Jakubiec, Edyta"]
[Result "1/2-1/2"]
[WhiteElo "2327"]
[BlackElo "2174"]
[Annotator "NA"]
[PlyCount "61"]
[EventDate "2018.10.12"]
[EventType "team-tourn"]
[EventCountry "GRE"]
[SourceTitle "playchess.com"]
[Source "ChessBase"]
[SourceQuality "1"]
[WhiteTeam "KGSRL"]
[BlackTeam "Wirtzfeld"]

1. e4 c5 2. c3 Nf6 3. e5 Nd5 4. Nf3 d6 5. Bc4 Nb6 6. Bb3 c4 7. Bc2 dxe5 8. Nxe5 Qd5 9. Qe2 f6 10. Nf3 Qe6 11. Qxe6 Bxe6 12. Nd4 Bd7 13. Be4 e5 14. Nf5 Bc6 15. Bxc6+ Nxc6 16. b3 O-O-O 17. Na3 e4 18. Nxc4 Nxc4 19. bxc4 Ne5 20. f3 exf3 21. gxf3 Nxf3+ 22. Ke2 Ne5 23. Ne3 Nd3 24. Nd5 Nxc1+ 25. Raxc1 b5 26. Ne3 bxc4 27. Nxc4 g6 28. d4 Bh6 29. Rb1 Bf4 30. Na5 Rhe8+ 31. Kd3 1/2-1/2

[Event "34th European Club Cup 2018"]
[Site "Halkidiki"]
[Date "2018.10.12"]
[Round "1"]
[White "Van der Lende, Ilias"]
[Black "Sasikiran, Krishnan"]
[Result "0-1"]
[WhiteElo "2327"]
[BlackElo "2672"]
[Annotator "TA"]
[PlyCount "74"]
[EventDate "2018.10.12"]
[EventType "team-tourn"]
[EventCountry "GRE"]
[SourceTitle "playchess.com"]
[Source "ChessBase"]
[SourceQuality "1"]
[WhiteTeam "Deloitte"]
[BlackTeam "Novy Bor"]

1. e4 c5 2. c3 d5 3. exd5 Qxd5 4. d4 g6 5. Nf3 Bg7 6. Na3 cxd4 7. Bc4 Qe4+ 8. Be3 Nh6 9. cxd4 O-O 10. Nb5 Nc6 11. Nc3 Qf5 12. h3 Qa5 13. O-O Nf5 14. Re1 e6 15. d5 exd5 16. Qxd5 Nxe3 17. Rxe3 Bf5 18. a3 Qb6 19. Rae1 Rad8 20. Qb5 Qxb5 21. Bxb5 Bh6 22. R3e2 Nd4 23. Nxd4 Rxd4 24. Re8 a6 25. Rxf8+ Kxf8 26. Re8+ Kg7 27. Bf1 Bc1 28. g4 Be6 29. b4 Bxa3 30. b5 Bb4 31. bxa6 bxa6 32. Ne2 Rd1 33. Kg2 a5 34. Nf4 Bd7 35. Re3 Bc6+ 36. f3 Bd2 37. Rd3 Bb5 0-1

[Event "34th European Club Cup 2018"]
[Site "Halkidiki"]
[Date "2018.10.12"]
[Round "1"]
[White "Pantzar, Milton"]
[Black "Tardi, Oscar"]
[Result "1-0"]
[WhiteElo "2326"]
[BlackElo "1931"]
[Annotator "NA"]
[PlyCount "59"]
[EventDate "2018.10.12"]
[EventType "team-tourn"]
[EventCountry "GRE"]
[SourceTitle "playchess.com"]
[Source "ChessBase"]
[SourceQuality "1"]
[WhiteTeam "Team Viking"]
[BlackTeam "Bois-Colombes"]

1. e4 d6 2. d4 Nf6 3. Nc3 c6 4. f4 b5 5. Bd3 g6 6. Nf3 Bg7 7. O-O O-O 8. e5 Ne8 9. Be3 Nc7 10. a3 a6 11. Qe1 Nd7 12. Rd1 Nb6 13. Ne4 Ncd5 14. Bc1 f6 15. Qh4 Nc4 16. Rde1 h6 17. b3 Ncb6 18. c4 Nc7 19. Qg3 g5 20. fxg5 fxg5 21. exd6 exd6 22. Nexg5 hxg5 23. Bxg5 Qd7 24. Qh4 Rf7 25. Qh7+ Kf8 26. Bh6 Ne6 27. Bxg7+ Rxg7 28. Ng5+ Ke8 29. Qh8+ Ke7 30. Qf8# 1-0

[Event "34th European Club Cup 2018"]
[Site "Halkidiki"]
[Date "2018.10.12"]
[Round "1"]
[White "Samoun, Florent"]
[Black "Sagit, Rauan"]
[Result "1-0"]
[WhiteElo "2322"]
[BlackElo "2434"]
[Annotator "TA"]
[PlyCount "105"]
[EventDate "2018.10.12"]
[EventType "team-tourn"]
[EventCountry "GRE"]
[SourceTitle "playchess.com"]
[Source "ChessBase"]
[SourceQuality "1"]
[WhiteTeam "Bois-Colombes"]
[BlackTeam "Team Viking"]

1. e4 c5 2. Nf3 d6 3. c3 Nf6 4. d3 g6 5. g3 Bg7 6. Bg2 Nc6 7. O-O O-O 8. Re1 Rb8 9. d4 Bg4 10. h3 Bxf3 11. Bxf3 cxd4 12. cxd4 Nd7 13. d5 Nce5 14. Be2 Nc5 15. Nc3 Qd7 16. Kg2 b5 17. b4 Nc4 18. bxc5 Bxc3 19. c6 Qc7 20. Bh6 Rfe8 21. Rh1 Bxa1 22. Qxa1 e5 23. Qc1 f6 24. h4 Re7 25. Bg4 Rbe8 26. Qc3 Nb6 27. h5 Qd8 28. Qf3 Rc7 29. hxg6 hxg6 30. Bf5 gxf5 31. Qxf5 Ree7 32. Qxf6 Qe8 33. Rh4 Rg7 34. Bxg7 Rxg7 35. Qxd6 Rg6 36. Qc7 Rg7 37. Qd6 Rg6 38. Qc5 Nc8 39. Qxb5 Nd6 40. Qe2 Rg7 41. Rh6 Rg6 42. Rh4 Rg7 43. Qe3 Qd8 44. Rh5 Qc8 45. Qh6 Nf7 46. Qf6 Qg4 47. c7 Qxe4+ 48. Kh2 Qc2 49. Qd8+ Nxd8 50. cxd8=Q+ Kf7 51. Qd7+ Kg6 52. Qg4+ Kf7 53. Qe6+ 1-0

[Event "34th European Club Cup 2018"]
[Site "Halkidiki"]
[Date "2018.10.12"]
[Round "1"]
[White "Taylor, Adam C"]
[Black "Lyons, Brendan"]
[Result "1/2-1/2"]
[WhiteElo "2321"]
[BlackElo "1961"]
[Annotator "TA"]
[PlyCount "94"]
[EventDate "2018.10.12"]
[EventType "team-tourn"]
[EventCountry "GRE"]
[SourceTitle "playchess.com"]
[Source "ChessBase"]
[SourceQuality "1"]
[WhiteTeam "Wood Green"]
[BlackTeam "St Benildus"]

1. g3 Nf6 2. Nf3 d5 3. Bg2 h6 4. c4 c6 5. O-O Bf5 6. cxd5 Nxd5 7. Re1 Bxb1 8. Rxb1 e6 9. a3 Qb6 10. Qc2 Nd7 11. e4 N5f6 12. d4 Be7 13. h3 O-O 14. Be3 c5 15. b4 cxb4 16. axb4 Rac8 17. Qa4 Qc6 18. Qxc6 Rxc6 19. d5 exd5 20. exd5 Rc4 21. Bxa7 Bxb4 22. Bf1 Bxe1 23. Bxc4 Rc8 24. Bd3 Ba5 25. Rxb7 Rc7 26. Rxc7 Bxc7 27. Bb5 Kf8 28. Nd4 g6 29. Bc6 Ke7 30. Nb5 Bb6 31. d6+ Ke6 32. Bxd7+ Nxd7 33. Bxb6 Nxb6 34. Kg2 Nc8 35. Kf3 Nxd6 36. Nxd6 Kxd6 37. Ke4 Ke6 38. g4 f6 39. h4 Kd6 40. f3 Ke6 41. Kd4 f5 42. g5 hxg5 43. hxg5 Kd6 44. f4 Ke6 45. Kc5 Ke7 46. Kc6 Ke6 47. Kc5 Ke7 1/2-1/2

[Event "34th European Club Cup 2018"]
[Site "Halkidiki"]
[Date "2018.10.12"]
[Round "1"]
[White "Tryggestad, Andreas Garberg"]
[Black "Reichardt, Robin"]
[Result "1-0"]
[WhiteElo "2320"]
[BlackElo "1993"]
[Annotator "TA"]
[PlyCount "71"]
[EventDate "2018.10.12"]
[EventType "team-tourn"]
[EventCountry "GRE"]
[SourceTitle "playchess.com"]
[Source "ChessBase"]
[SourceQuality "1"]
[WhiteTeam "Nordstrand"]
[BlackTeam "En Passant"]

1. Nf3 d5 2. g3 c6 3. Bg2 Nf6 4. O-O Bf5 5. c4 e6 6. d4 h6 7. Nc3 Be7 8. b3 Nbd7 9. Bb2 O-O 10. Re1 c5 11. cxd5 exd5 12. Rc1 Rc8 13. dxc5 Nxc5 14. Nd4 Bg6 15. Bh3 Ra8 16. Nf5 Re8 17. Nxe7+ Rxe7 18. Ba3 b6 19. Na4 Rc7 20. Nxc5 bxc5 21. Bxc5 Ne4 22. Bd4 Rxc1 23. Qxc1 Ng5 24. Bg2 Rc8 25. Qe3 Qa5 26. Rd1 Ne4 27. f3 Nc3 28. Bxc3 Rxc3 29. Rxd5 Qb4 30. Qd2 Qb6+ 31. Qd4 Rc2 32. Qxb6 axb6 33. e4 Rxa2 34. Rb5 Ra6 35. Bf1 f6 36. Rb4 1-0

[Event "34th European Club Cup 2018"]
[Site "Halkidiki"]
[Date "2018.10.12"]
[Round "1"]
[White "Milosevic, Milos"]
[Black "Efimenko, Zahar"]
[Result "0-1"]
[WhiteElo "2306"]
[BlackElo "2641"]
[Annotator "TA"]
[PlyCount "130"]
[EventDate "2018.10.12"]
[EventType "team-tourn"]
[EventCountry "GRE"]
[SourceTitle "playchess.com"]
[Source "ChessBase"]
[SourceQuality "1"]
[WhiteTeam "Partizan"]
[BlackTeam "Beer Sheva"]

1. d4 Nf6 2. Bg5 d5 3. e3 c5 4. Bxf6 gxf6 5. dxc5 e6 6. Nf3 Nc6 7. c4 dxc4 8. Qxd8+ Kxd8 9. Nc3 Bxc5 10. Bxc4 Ke7 11. O-O Bd7 12. Rfd1 Rhd8 13. Rac1 Be8 14. Kf1 a6 15. Be2 Ba7 16. Rxd8 Rxd8 17. Rd1 Rb8 18. Nd4 Nxd4 19. exd4 f5 20. d5 b5 21. a3 Bc5 22. g4 Rd8 23. dxe6 Rxd1+ 24. Bxd1 fxe6 25. gxf5 exf5 26. Bc2 Ke6 27. Ne2 Bd7 28. Nf4+ Kd6 29. Ne2 Kd5 30. Ke1 h6 31. Nf4+ Kc4 32. Nd3 Bd6 33. h4 Kd4 34. Ke2 Be7 35. h5 Bg5 36. Ne1 Kc4 37. Nd3 Bf6 38. Kd2 Kd4 39. Ke1 Bg5 40. Bb1 Be8 41. Nb4 a5 42. Na2 Kc4 43. Bc2 a4 44. Nc3 Bc1 45. Nd1 f4 46. Bg6 Bc6 47. Bf7+ Kd4 48. Ke2 Be4 49. Bg6 Bd5 50. Bc2 Bf7 51. Bg6 Bb3 52. Be8 Kc5 53. Nc3 Bxb2 54. Ne4+ Kb6 55. Kf3 Bxa3 56. Nc3 Bc4 57. Nxa4+ bxa4 58. Bxa4 Bd6 59. Ke4 Be6 60. Be8 Kc7 61. Bg6 Kd8 62. Kd4 Ke7 63. Be4 Kf6 64. Bf3 Kg5 65. Ke4 Bf7 0-1

[Event "34th European Club Cup 2018"]
[Site "Halkidiki"]
[Date "2018.10.12"]
[Round "1"]
[White "Rudolf, Henrik"]
[Black "Varnam, Liam D"]
[Result "1-0"]
[WhiteElo "2306"]
[BlackElo "2089"]
[Annotator "NA"]
[PlyCount "85"]
[EventDate "2018.10.12"]
[EventType "team-tourn"]
[EventCountry "GRE"]
[SourceTitle "playchess.com"]
[Source "ChessBase"]
[SourceQuality "1"]
[WhiteTeam "Berlin"]
[BlackTeam "Grantham"]

1. e4 e5 2. Nf3 Nc6 3. Bb5 a6 4. Ba4 Nf6 5. O-O Nxe4 6. d4 b5 7. Bb3 d5 8. dxe5 Be6 9. Nbd2 Nc5 10. c3 d4 11. Bxe6 Nxe6 12. cxd4 Ncxd4 13. Ne4 Be7 14. Be3 Nf5 15. Qc2 O-O 16. Neg5 Nxg5 17. Bxg5 g6 18. Rad1 Qe8 19. Rfe1 Bxg5 20. Nxg5 h6 21. Nf3 Rc8 22. h3 c5 23. g4 Ng7 24. Rd6 Rc6 25. Qd2 Kh7 26. Qd5 Rc7 27. Rxa6 Ne6 28. Qe4 c4 29. Rd6 Qa8 30. Nd4 Qxe4 31. Rxe4 Nc5 32. Re3 Ra8 33. a3 Nd3 34. e6 fxe6 35. Rexe6 Rf7 36. Rxg6 Rxf2 37. Rxh6+ Kg8 38. Nf5 Re8 39. Rdg6+ Kf8 40. Rf6+ Kg8 41. Rfg6+ Kf8 42. Rh8+ Kf7 43. Rg7+ 1-0

[Event "34th European Club Cup 2018"]
[Site "Halkidiki"]
[Date "2018.10.12"]
[Round "1"]
[White "Laursen, Niels Norskov"]
[Black "Miljkovic, Miroslav D"]
[Result "1/2-1/2"]
[WhiteElo "2304"]
[BlackElo "2484"]
[Annotator "TA"]
[PlyCount "85"]
[EventDate "2018.10.12"]
[EventType "team-tourn"]
[EventCountry "GRE"]
[SourceTitle "playchess.com"]
[Source "ChessBase"]
[SourceQuality "1"]
[WhiteTeam "Bronshoj"]
[BlackTeam "Sloven Ruma"]

1. e4 c5 2. Nf3 Nc6 3. Bb5 g6 4. O-O Bg7 5. c3 Nf6 6. Re1 O-O 7. h3 e5 8. d4 cxd4 9. cxd4 exd4 10. e5 Nd5 11. Bg5 Qb6 12. Na3 h6 13. Bh4 a6 14. Bf1 Nf4 15. Nc4 Qa7 16. a4 d5 17. exd6 Be6 18. Nfe5 Nxe5 19. Nxe5 Qc5 20. Qc1 Qxc1 21. Raxc1 g5 22. Bg3 Rfd8 23. Nd3 Rxd6 24. Bxf4 gxf4 25. Nxf4 Bb3 26. Rc7 b6 27. Ree7 Rad8 28. Bd3 Bf6 29. Re1 Bxa4 30. Bc4 Bd7 31. Nh5 b5 32. Bb3 Kf8 33. Re4 d3 34. Nxf6 Rxf6 35. Rd4 Ke8 36. Rxd3 Be6 37. Re3 Rd2 38. Bxe6 fxe6 39. Rg3 Rd1+ 40. Kh2 Kf8 41. Rc8+ Kf7 42. Rc7+ Kf8 43. Rc8+ 1/2-1/2

[Event "34th European Club Cup 2018"]
[Site "Halkidiki"]
[Date "2018.10.12"]
[Round "1"]
[White "Van der Heijden, Ton"]
[Black "Georgakopoulos, Nikolaos K."]
[Result "1/2-1/2"]
[WhiteElo "2300"]
[BlackElo "2085"]
[Annotator "NA"]
[PlyCount "78"]
[EventDate "2018.10.12"]
[EventType "team-tourn"]
[EventCountry "GRE"]
[SourceTitle "playchess.com"]
[Source "ChessBase"]
[SourceQuality "1"]
[WhiteTeam "BSG"]
[BlackTeam "Chania CA"]

1. d4 Nf6 2. c4 e6 3. Nf3 Bb4+ 4. Nc3 O-O 5. Bg5 c5 6. Rc1 h6 7. Bh4 cxd4 8. Nxd4 a6 9. e3 Be7 10. Be2 Nc6 11. O-O b6 12. Bf3 Bb7 13. Qa4 Qc8 14. Nxc6 Bxc6 15. Bxc6 Qxc6 16. Rfd1 Rfc8 17. Bxf6 Bxf6 18. Rxd7 b5 19. Qd1 Qxc4 20. b3 Qb4 21. Ne2 Qa5 22. Rd2 Rd8 23. Rcc2 Rac8 24. g3 b4 25. Rxd8+ Rxd8 26. Rd2 Rc8 27. Kg2 g6 28. Nf4 h5 29. Qf3 Bg7 30. Rd7 Qf5 31. e4 Qf6 32. Nd3 Qxf3+ 33. Kxf3 Bf8 34. Ne5 Rc3+ 35. Kg2 Rc2 36. Rd8 Kg7 37. Rd7 Kg8 38. Rd8 Kg7 39. Rd7 Kg8 1/2-1/2

[Event "34th European Club Cup 2018"]
[Site "Halkidiki"]
[Date "2018.10.12"]
[Round "1"]
[White "Makolli, Perparim"]
[Black "Malikentzos, Sotirios"]
[Result "0-1"]
[WhiteElo "2284"]
[BlackElo "2441"]
[Annotator "TA"]
[PlyCount "90"]
[EventDate "2018.10.12"]
[EventType "team-tourn"]
[EventCountry "GRE"]
[SourceTitle "playchess.com"]
[Source "ChessBase"]
[SourceQuality "1"]
[WhiteTeam "Drejtesia"]
[BlackTeam "Thessalonikis"]

1. e4 e6 2. d4 d5 3. Nc3 Bb4 4. e5 c5 5. a3 Ba5 6. b4 cxd4 7. Nb5 Bc7 8. Nf3 Nc6 9. Bf4 Nge7 10. Nbxd4 f6 11. Nxc6 Nxc6 12. Bb5 O-O 13. Bxc6 bxc6 14. O-O g5 15. Bg3 f5 16. h3 Bd7 17. Bh2 f4 18. Re1 h5 19. h4 g4 20. Qd3 Qe7 21. Ng5 Rf5 22. Qd4 g3 23. Re2 gxh2+ 24. Kxh2 f3 25. Nxf3 Bb6 26. Qd3 Raf8 27. c4 Kh8 28. c5 Rxf3 29. Qg6 R3f5 30. cxb6 axb6 31. Qh6+ Qh7 32. Qe3 Qg7 33. a4 Rf4 34. Qxb6 Rxh4+ 35. Kg1 Rg4 36. f3 Rxf3 37. Rf1 Rfg3 38. Rff2 Kh7 39. Qc5 Be8 40. Qc2+ Bg6 41. Qc1 h4 42. b5 cxb5 43. axb5 Bd3 44. Rd2 h3 45. Rxd3 Rxd3 0-1

[Event "34th European Club Cup 2018"]
[Site "Halkidiki"]
[Date "2018.10.12"]
[Round "1"]
[White "Lammens, Tim"]
[Black "Eljanov, Pavel"]
[Result "0-1"]
[WhiteElo "2281"]
[BlackElo "2703"]
[Annotator "TA"]
[PlyCount "80"]
[EventDate "2018.10.12"]
[EventType "team-tourn"]
[EventCountry "GRE"]
[SourceTitle "playchess.com"]
[Source "ChessBase"]
[SourceQuality "1"]
[WhiteTeam "Apeldoorn"]
[BlackTeam "Alkaloid"]

1. Nf3 Nf6 2. g3 g6 3. Bg2 Bg7 4. d4 O-O 5. c4 d6 6. O-O Nc6 7. Nc3 a6 8. b3 Rb8 9. d5 Na5 10. Bg5 c5 11. dxc6 Nxc6 12. Rc1 h6 13. Bf4 e5 14. Be3 Be6 15. Qd2 Ng4 16. Rfd1 Nxe3 17. Qxe3 f5 18. Nd5 e4 19. Ne1 Qd7 20. c5 Qf7 21. Nf4 d5 22. Nxe6 Qxe6 23. Nc2 Rbd8 24. Qd2 g5 25. Nb4 f4 26. Nxc6 bxc6 27. e3 h5 28. Bf1 h4 29. Bxa6 Rf6 30. exf4 gxf4 31. Bf1 Rdf8 32. Qe2 Rg6 33. Qh5 hxg3 34. fxg3 Rf5 35. Qe2 f3 36. Qc2 Rh5 37. Qf2 Rgh6 38. Rc2 Rxh2 39. Qxh2 Rxh2 40. Rxh2 e3 0-1